Hoa cho thần chết
Phim nói về hiểm họa ma túy đối với xã hội và gia đình, và cái giá phải trả cho những kẻ buôn bán, nghiện ngập thứ chất độc này.
Na minha lista:
| Formato: | Livro |
|---|---|
| Idioma: | Undetermined |
| Publicado em: |
Thành phố Hồ Chí Minh
Phương Nam phim
2003
|
| Assuntos: | |
| Tags: |
Adicionar Tag
Sem tags, seja o primeiro a adicionar uma tag!
|
| Thư viện lưu trữ: | Trung tâm Học liệu Trường Đại học Cần Thơ |
|---|
| LEADER | 00755nam a2200193Ia 4500 | ||
|---|---|---|---|
| 001 | CTU_215197 | ||
| 008 | 210402s9999 xx 000 0 und d | ||
| 020 | |c 42000 | ||
| 082 | |a 791.43 | ||
| 082 | |b H401 | ||
| 245 | 0 | |a Hoa cho thần chết | |
| 245 | 0 | |c Đào Thanh Tùng (Đạo diễn) | |
| 260 | |a Thành phố Hồ Chí Minh | ||
| 260 | |b Phương Nam phim | ||
| 260 | |c 2003 | ||
| 520 | |a Phim nói về hiểm họa ma túy đối với xã hội và gia đình, và cái giá phải trả cho những kẻ buôn bán, nghiện ngập thứ chất độc này. | ||
| 650 | |a Motion pictures,Phim điện ảnh | ||
| 904 | |i Tuyến | ||
| 980 | |a Trung tâm Học liệu Trường Đại học Cần Thơ | ||